Vplyv tepelného spracovania, laserového textúrovania a povlakovania na vlastnosti nástrojovej ocele
Gespeichert in:
| 1. Verfasser: | |
|---|---|
| Weitere Verfasser: | |
| Format: | Manuskript Buch |
| Sprache: | Slowakisch |
| Veröffentlicht: |
2022
|
| Schlagworte: | |
| Online-Zugang: | http://is.stuba.sk/zp/portal_zp.pl?podrobnosti=164203 |
| Tags: |
Keine Tags, Fügen Sie das erste Tag hinzu!
|
MARC
| LEADER | 00000ntm a22000003a 4500 | ||
|---|---|---|---|
| 001 | stuzp87024 | ||
| 003 | SK-STU | ||
| 005 | 20220611210818.2 | ||
| 007 | ta | ||
| 008 | 150427s2015----xo-----f-mn---000-0-slo-d | ||
| 040 | |a STU |b slo | ||
| 041 | 0 | |a slo | |
| 100 | 1 | |a Švaňová, Tatiana |u 061000 |k Z4 |4 aut |U MTF Materiálovotechnologická fakulta |T MTF Ústav materiálov |X 91436 |U M1000 |Y 81 |7 91436 | |
| 242 | 0 | 1 | |a Influence of heat treatment, laser surface texturing, and coating on properties of a tool steel |y eng |
| 245 | 1 | 0 | |a Vplyv tepelného spracovania, laserového textúrovania a povlakovania na vlastnosti nástrojovej ocele |
| 260 | |c 2022 | ||
| 650 | 4 | |a nástrojová oceľ |2 slo | |
| 650 | 4 | |a tepelné spracovanie |2 slo | |
| 650 | 4 | |a laserové textúrovanie |2 slo | |
| 650 | 4 | |a nanokompozitný povlak AlCrSiN |2 slo | |
| 650 | 4 | |a tool steel |2 eng | |
| 650 | 4 | |a heat treatment |2 eng | |
| 650 | 4 | |a laser texturing |2 eng | |
| 650 | 4 | |a nanocomposite coating AlCrSiN |2 eng | |
| 700 | 1 | |a Moravčík, Roman |u 061000 |k Z1 |4 ths |U MTF Materiálovotechnologická fakulta |T MTF Ústav materiálov |X 1473 |U M1000 |Y 81 |7 A000001473 | |
| 856 | 4 | |u http://is.stuba.sk/zp/portal_zp.pl?podrobnosti=164203 | |
| 996 | |c M* DP-15047 |l MMSKP |s P |a 0 |w stuzp87024_0001 | ||